Plus Beaux Villages de France par images #2 - Statistiques

Statistiques générales
  • Ce quiz a été pris 31 fois
  • Le résultat moyen est 2 sur 16
Statistiques - réponses
Par images Hint Réponse % Correct
Lot (46) Saint-Cirq-Lapopie
48%
Manche (50) Barfleur
32%
Dordogne (24) Castelnaud-la-Chapelle
28%
Hérault (34) Saint-Guilhem-le-Désert
28%
Oise (60) Gerberoy
24%
Charente-Maritime (17) Talmont-sur-Gironde
20%
Pyrénées-Orientales (66) Castelnou
16%
Ille-et-Vilaine (35) Saint-Suliac
12%
Cher (18) Sancerre
12%
Gers (32) Lavardens
8%
Indre-et-Loire (37) Montrésor
8%
Saône-et-Loire (71) Semur-en-Brionnais
8%
Alpes-Maritimes (06) Coaraze
0%
Haute-Loire (43) Lavaudieu
0%
Gard (30) Montclus
0%
Isère (38) Saint-Antoine-l'Abbaye
0%
Aucun quiz correspondant
Distribution des résultats
% des personnes avec chaque résultat
Percentile par nombre de réponses
Votre historique - résultats
Vous n’avez pas pris ce quiz